Automatizované testovanie zadaní

Guardado en:
Detalles Bibliográficos
Autor principal: Olejník, Matúš (Autor)
Otros Autores: Balogh, Štefan (Orientador)
Formato: Manuscrito Libro
Lenguaje:eslovaco
Publicado: Bratislava : STU v Bratislave FEI, 2022
Materias:
Acceso en línea:https://opac.crzp.sk/?fn=detailBiblioFormChildQD2KE&sid=7E432E204D1F6C32995E8E3802D8&seo=CRZP-detail-kniha
Etiquetas: Agregar Etiqueta
Sin Etiquetas, Sea el primero en etiquetar este registro!

MARC

LEADER 00000ntm a22000003a 4500
001 stuzp88695
003 SK-STU
005 20230207104343.8
007 ta
008 150427s2015----xo-----f-mn---000-0-slo-d
040 |a STU  |b slo 
041 0 |a slo 
044 |a xo 
100 1 |a Olejník, Matúš  |u 035000  |4 aut  |U FEI Fakulta elektrotechniky a informatiky  |T FEI Ústav informatiky a matematiky  |X 74144  |U E050  |Y 816  |7 74144 
242 0 1 |a Automated assignment testing  |y eng 
245 1 0 |a Automatizované testovanie zadaní 
260 |a Bratislava :  |b STU v Bratislave FEI,  |c 2022 
300 |a 62 s., príl. 
650 4 |a automatizácia  |2 slo 
650 4 |a virtualizácia  |2 slo 
650 4 |a testovanie  |2 slo 
650 4 |a kontajnerizácia  |2 slo 
650 4 |a automation  |2 eng 
650 4 |a testing  |2 eng 
650 4 |a containers  |2 eng 
650 4 |a virtualization  |2 eng 
700 1 |a Balogh, Štefan  |u 035000  |k Z1  |4 ths  |U FEI Fakulta elektrotechniky a informatiky  |T FEI Ústav informatiky a matematiky  |X 30190  |U E050  |Y 816  |7 A000030190 
856 4 |u https://opac.crzp.sk/?fn=detailBiblioFormChildQD2KE&sid=7E432E204D1F6C32995E8E3802D8&seo=CRZP-detail-kniha